Восстановление и повышение несущей способности эксплуатируемых строительных конструкций (Запись № 12253009)

Подробности
000 -МАРКЕР
контрольное поле 02352nam0a2200349 4500
001 - ИДЕНТИФИКАТОР ЗАПИСИ
контрольное поле RU\NLR\BIBL_A\012173699
005 - ИДЕНТИФИКАТОР ВЕРСИИ
контрольное поле 20200122103710.0
010 ## - МЕЖДУНАРОДНЫЙ СТАНДАРТНЫЙ НОМЕР КНИГИ (ISBN)
Номер (ISBN) 978-5-7964-2136-9
Тираж 30
021 ## - НОМЕР ГОСУДАРСТВЕННОЙ РЕГИСТРАЦИИ
Код страны Российская Федерация
Номер КН-П-19-091199
Номер Листа государственной регистраци КН-П-19-6652
035 ## - ДРУГИЕ СИСТЕМНЫЕ НОМЕРА
Идентификатор записи (NLR Aleph) 012173699
035 ## - ДРУГИЕ СИСТЕМНЫЕ НОМЕРА
Идентификатор записи (RuMoRGB)010178237
100 ## - ДАННЫЕ ОБЩЕЙ ОБРАБОТКИ
Данные общей обработки 20191226d2019 u y0rusy50 ca
101 0# - ЯЗЫК РЕСУРСА
Язык текста, звукозаписи и т.д. русский
102 ## - СТРАНА ПУБЛИКАЦИИ ИЛИ ПРОИЗВОДСТВА
Страна публикации Российская Федерация
105 ## - ПОЛЕ КОДИРОВАННЫХ ДАННЫХ: ТЕКСТОВЫЕ МАТЕРИАЛЫ, МОНОГРАФИЧЕСКИЕ
Кодированные данные о монографическом текстовом документе a|||zzzz000zy
200 1# - ЗАГЛАВИЕ И СВЕДЕНИЯ ОБ ОТВЕТСТВЕННОСТИ
Основное заглавие Восстановление и повышение несущей способности эксплуатируемых строительных конструкций
Сведения, относящиеся к заглавию учебно-методическое пособие
Первые сведения об ответственности М. В. Яковлева, О. Н. Коткова, В. С. Широков
Последующие сведения об ответственности Министерство науки и высшего образования Российской Федерации "Самарский государственный технический университет", Кафедра "Стоимостной инжиниринг и техническая экспертиза зданий и сооружений"
210 ## - ПУБЛИКАЦИЯ, РАСПРОСТРАНЕНИЕ И ДР.
Место издания, распространения и т.д. Самара
Имя издателя, распространителя и т. д. Самарский государственный технический университет
Дата издания, распространения и т.д. 2019
215 ## - ФИЗИЧЕСКАЯ ХАРАКТЕРИСТИКА
Специфическое обозначение материала и объем 200 с.
Другие сведения о физической характеристике ил., табл.
Размеры 20
320 ## - ПРИМЕЧАНИЯ О НАЛИЧИИ В ДОКУМЕНТЕ БИБЛИОГРАФИИ / УКАЗАТЕЛЯ
Текст примечания Библиогр.: с. 170-171 (21 назв.)
606 1# - НАИМЕНОВАНИЕ ТЕМЫ КАК ПРЕДМЕТ
Наименование темы Строительные конструкции
Тематический подзаголовок Несущая способность
Формальный подзаголовок Учебно-методические пособия для высших учебных заведений
Код системы nlr_sh2
Идентификатор авторитетной/нормативной записи RU\NLR\AUTH\6601667299
606 1# - НАИМЕНОВАНИЕ ТЕМЫ КАК ПРЕДМЕТ
Наименование темы Строительные конструкции
Тематический подзаголовок Восстановление
Формальный подзаголовок Учебно-методические пособия для высших учебных заведений
Код системы nlr_sh1
-- nlr_sh2
Идентификатор авторитетной/нормативной записи RU\NLR\AUTH\661056657
686 1# - ИНДЕКСЫ ДРУГИХ КЛАССИФИКАЦИЙ
Индекс Н683.8я73-1
686 1# - ИНДЕКСЫ ДРУГИХ КЛАССИФИКАЦИЙ
Индекс Н5-028.011я73-1
700 #1 - ИМЯ ЛИЦА - ПЕРВИЧНАЯ ОТВЕТСТВЕННОСТЬ
Начальный элемент ввода Яковлева
Часть имени, кроме начального элемента ввода М. В.
Дополнения к именам, кроме дат преподаватель, строительство
Расширение инициалов личного имени Маргарита Викторовна
Идентификатор авторитетной/нормативной записи RU\NLR\AUTH\77116676
701 #1 - ИМЯ ЛИЦА - АЛЬТЕРНАТИВНАЯ ОТВЕТСТВЕННОСТЬ
Начальный элемент ввода Коткова
Часть имени, кроме начального элемента ввода О. Н.
Расширение инициалов личного имени Ольга Николаевна
701 #1 - ИМЯ ЛИЦА - АЛЬТЕРНАТИВНАЯ ОТВЕТСТВЕННОСТЬ
Начальный элемент ввода Широков
Часть имени, кроме начального элемента ввода В. С.
Расширение инициалов личного имени Вячеслав Сергеевич
942 ## - ДОПОЛНИТЕЛЬНЫЕ ЭЛЕМЕНТЫ ЗАПИСИ (АБИС)
Тип экземпляра АБИС Книга
980 ## - КОЛЛЕКЦИЯ
Название коллекции НБР
980 ## - КОЛЛЕКЦИЯ
Название коллекции Национальная библиография

Нет доступных экземпляров.